00852cam a22002411 4500001001300000003000400013005001700017008004100034010002300075043002100098050001700119082002300136100004200159245011000201260003900311300002300350350000900373500011800382504003000500650002600530651003700556999001700593sa 68003651 DLC20260227112455.0710903s1967 ii b 00010 eng  asa 68003651 //r892 aa-ii---ae-uk---0 aDA125.S5bA8 a301.45/29/4553094210aAurora, G. S.q(Gurdip Singh),d1931-14aThe new frontiersmen;ba sociological study of Indian immigrants in the United Kingdom,cby G. S. Aurora.0 aBombay,bPopular Prakashanc[1967] axv, 176 p.c23 cm. aRs25 a"The book is formed of the bulk of a thesis submitted to the London University for an M.Sc. Degree in Economics." aBibliography: p. 171-173. 0aSikhszGreat Britain. 0aGreat BritainxEthnic relations. c79648d79648